000 00888cab a2200229 4500
001 WB3207-37
008 090401t1996 xxu||||| |||| 00| 0 eng d
035 _a(Sirsi) u28043
041 _aeng
245 _aConditional leave to defend
260 _c1996
350 _a0
490 _aEstates Gazette Case Summaries
_v[1996] EGCS 14(1) (10/2/96)
520 _a"Agyeman v Boadi" CA 29 January 1996 argued against a conditional leave to defend A`s claim for rent arrears. B was asked to pay £600 into court, otherwise A would be entitled to her claim in full. B also argued A had taken goods from premises exceeding value of arrears and claimed trespass. Appeal dismissed.
650 _aAGYEMAN V BOADI
650 _aCONDITIONAL LEAVE TO DEFEND
650 _aRENT ARREARS
650 _aTRESPASS
690 _aLANDLORD AND TENANT-CASE LAW
942 _n0
948 _c04/03/1997
999 _c18913
_d18913